| 000 | 01217cam a2200337 4500 | ||
|---|---|---|---|
| 001 | B1168 | ||
| 008 | 090401t1987 xxu||||| |||| 00| 0 eng d | ||
| 035 | _a(Sirsi) u42948 | ||
| 041 | _aeng | ||
| 050 | _a690.2 | ||
| 090 | _aRICS 1987/38AC | ||
| 110 |
_aRoyal Institution of Chartered Surveyors _94900 |
||
| 245 | _aBuilding surveyors weekend briefing Christchurch, Oxford 27-29 March 1987 | ||
| 260 | _c1987 | ||
| 300 | _a6 papers | ||
| 350 | _a0 | ||
| 520 | _aBuilding Surveyors Division. Papers by: Anstey,J.S.C.K. , Baldwin,J. , Couttie,D.J. , Dyson,J.M. , Weatherhead,M.J. and Williams,A.M. . Rights to light; sick buildings syndrome ; the building society role in housing ; the PRC house problem; the future of building skills; the fate of the mills, north and south (Case studies of Leicester and Tower Hamlets LBC). | ||
| 650 | _aBUILDING INDUSTRY | ||
| 650 | _aBUILDING SOCIETIES | ||
| 650 | _aHOUSING DEFECTS ACT 1984 | ||
| 650 | _aINDUSTRIAL BUILDINGS | ||
| 650 | _aLABOUR SHORTAGE | ||
| 650 | _aPRC HOUSES | ||
| 650 | _aPREFABRICATION | ||
| 650 | _aRE-USE | ||
| 650 | _aREDUNDANT | ||
| 650 | _aRIGHTS TO LIGHT | ||
| 650 | _aSYSTEM-BUILT | ||
| 942 | _n0 | ||
| 948 | _c04/03/1997 | ||
| 999 |
_c91213 _d91213 |
||